Guess which NBA player has these all time records as of 2025! - Statistics

General Stats
  • This quiz has been taken 187 times
  • The average score is 8 of 12
Answer Stats
Question Answer % Correct
Who is the NBA all time leading scorer with over 40,000 points Lebron James
97%
Who currently Has the most career triple Doubles in NBA history with 202 triple doubles? Russell Westbrook
91%
Who is the NBA all time leader in three pointers made with 3882 three pointers made? Stephen Curry
90%
Who has the most career assist in NBA history 15,806 assists John Stockton
81%
Who Has the most career blocks in NBA history with 3830 blocks? Hakeem Olajuwon
68%
Who Is the NBA all time leader in missed shots, turnovers, 30 point games and minutes played? Lebron James
67%
Who is the NBA all time leader in steals with 3265 steals? John Stockton
66%
Who has the most career play off points in NBA history with 8162 points? Lebron James
66%
Who has the most career rebounds in NBA history with 23,924 rebounds? Wilt Chamberlain
60%
Which NBA team has won the most games in NBA history with 3662 games won? Boston Celtics
48%
Who has the most career missed three pointers in NBA history with 5331 misses? James Harden
45%
Who has the most career personal fouls in NBA history with 4657 fouls? Kareem Abdul jabbar
44%
No matching quizzes found
Score Distribution
Percent of People with Each Score
Percentile by Number Answered
Your Score History
You have not taken this quiz